01614nam a2200289 a 450000100060000000300080000600500170001400800410003102000280007203500190010004000350011904100080015408200240016210000550018624501080024126000820034930000590043165000530049065000200054394200120056399900170057595201460059295201460073895201460088495201460103095201480117647727BD-RjUL20211209054359.0160810s2006 bg a|||| b||| 00| 0 ben d a97898402411c:TK.200.00 a(BD-RjUL)47846 aBD-RjULbbencBD-RjULdBD-RjUL aben 223a363.7bPAU 2006 aপাল, নিশীথ কুমার912165610aউচ্চতর পরিবেশবিজ্ঞান /cনিশীথ কুমার পাল aঢাকা :bকবির পাবলিকেশন্স,c২০০৬ a৩১১ পৃ. :bচিএ ;c২৩ সেমি. aপরিবেশবিজ্ঞান 9122298 aEcology9124688 2ddccBK c47727d47727 00102ddc40708NFICaRUCLbRUCLcStackd2007-01-24eBotany dept.R.U.g200.00l0oB 363.7 PAU 2006r2016-08-10 00:00:00tC-2w2021-12-09yBK 00102ddc40708NFICaRUCLbRUCLcStackd2007-01-24eBotany dept.R.U.g200.00l0oB 363.7 PAU 2006r2016-08-10 00:00:00tC-3w2021-12-09yBK 00102ddc40708NFICaRUCLbRUCLcStackd2007-01-24eBotany dept.R.U.g200.00l0oB 363.7 PAU 2006r2016-08-10 00:00:00tC-4w2021-12-09yBK 00102ddc40708NFICaRUCLbRUCLcStackd2007-01-24eBotany dept.R.U.g200.00l0oB 363.7 PAU 2006r2016-08-10 00:00:00tC-5w2021-12-09yBK 00102ddc40718NFICaRUCLbRUCLcReadingd2007-01-24eBotany dept.R.U.g200.00l0oB 363.7 PAU 2006r2016-12-27 00:00:00tC-1w2016-12-27yBK